000 00865nam a2200217Ia 4500
001 1012
003 GE_BSU
008 181216s||||||||xx |||||||||||||| ||und||
020 _a589349590Х
040 _cGE_BSU
080 _a811.161.1
245 _aПрктикум по русскому языку и культуре речи.Нормы современного русского литературного языка
245 _bДля студ. нефилологов.Уч пос. для студ. технич.высш.уч. завед.
260 _aМосква
260 _bФлинта
260 _c2004
300 _a232стр.
541 _h6л.
653 _aПрктикум по русскому языку и культуре речи.Нормы современного русского литературного языка
942 _cBK
999 _c35168
_d35168